Online
Catalog

Cruenta tregua / (Record no. 5505)

MARC details
000 -CABECERA
campo de control de longitud fija 00970cam a2200265 a 4500
001 - NÚMERO DE CONTROL
campo de control 000005709
005 - FECHA Y HORA DE LA ÚLTIMA TRANSACCIÓN
campo de control 20200929151744.0
008 - DATOS DE LONGITUD FIJA--INFORMACIÓN GENERAL
campo de control de longitud fija 000520s1999 cu a b 000 0dspa
020 ## - NÚMERO INTERNACIONAL ESTÁNDAR DEL LIBRO
Número Internacional Estándar del Libro 9592241023
040 ## - FUENTE DE LA CATALOGACIÓN
Centro catalogador/agencia de origen DO-SdBNP
Centro/agencia transcriptor DLC
082 ## - NÚMERO DE LA CLASIFICACIÓN DECIMAL DEWEY
Número de clasificación 972.91
Número de documento/Ítem R969c
100 1# - ENTRADA PRINCIPAL--NOMBRE DE PERSONA
Nombre de persona Rodríguez La O, Raúl.
9 (RLIN) 16131
245 10 - MENCIÓN DE TÍTULO
Título Cruenta tregua /
Mención de responsabilidad, etc. Raúl Rodríguez La O. ; edición, Felipa Suárez Ramos.
260 ## - PUBLICACIÓN, DISTRIBUCIÓN, ETC.
Lugar de publicación, distribución, etc. La Habana, Cuba :
Nombre del editor, distribuidor, etc. Verde Olivo,
Fecha de publicación, distribución, etc. 1999.
300 ## - DESCRIPCIÓN FÍSICA
Extensión 239 p. :
Otras características físicas il. ;
Dimensiones 22 cm.
651 #4 - PUNTO DE ACCESO ADICIONAL DE MATERIA--NOMBRE GEOGRÁFICO
Nombre geográfico Cuba
Subdivisión general Historia
Subdivisión cronológica 1878-1895.
9 (RLIN) 16132
650 #4 - PUNTO DE ACCESO ADICIONAL DE MATERIA--TÉRMINO DE MATERIA
Término de materia o nombre geográfico como elemento de entrada Rebeldia
Subdivisión geográfica Cuba
Subdivisión general Historia
Subdivisión cronológica SIGLO XIX
9 (RLIN) 16133
600 14 - PUNTO DE ACCESO ADICIONAL DE MATERIA--NOMBRE DE PERSONA
Nombre de persona AGÜERO, CARLOS,
Fechas asociadas al nombre 1856-1885.
9 (RLIN) 16134
600 14 - PUNTO DE ACCESO ADICIONAL DE MATERIA--NOMBRE DE PERSONA
Nombre de persona BONACHEA HERNÁNDEZ, RAMÓN LEOCADIO,
Fechas asociadas al nombre 1849-1885.
9 (RLIN) 16135
600 14 - PUNTO DE ACCESO ADICIONAL DE MATERIA--NOMBRE DE PERSONA
Nombre de persona SÁNCHEZ RODRÍGUEZ, LIMBANO
Fechas asociadas al nombre d. 1885.
9 (RLIN) 16136
600 14 - PUNTO DE ACCESO ADICIONAL DE MATERIA--NOMBRE DE PERSONA
Nombre de persona GARCÍA PONCE, MANUEL,
Fechas asociadas al nombre 1851-1895.
9 (RLIN) 16137
600 14 - PUNTO DE ACCESO ADICIONAL DE MATERIA--NOMBRE DE PERSONA
Nombre de persona FERNÁNDEZ RUZ, JUAN
9 (RLIN) 16138
700 1# - PUNTO DE ACCESO ADICIONAL--NOMBRE DE PERSONA
Nombre de persona Suárez Ramos, Felipa
Término indicativo de función/relación ed.
9 (RLIN) 16139
910 ## - DATOS DE OPCIÓN DEL USUARIO (OCLC)
Datos de opción del usuario Catalogación por copia / LC
Holdings
Estado de retiro Estado de pérdida Restricciones de uso No para préstamo Código de colección Localización permanente Ubicación/localización actual Ubicación en estantería Fecha de adquisición Número de inventario Total de préstamos Signatura topográfica completa Código de barras Fecha visto por última vez Precio válido a partir de Tipo de ítem Koha
    Préstamo interno   Monografías: Libros y Folletos General General En catalogación 21.08.2009 LF1   972.91 R969c 5709-10 25.06.2020 25.06.2020 Préstamo interno

Powered by Koha